000 00649nam a2200193Ii 4500
003 JO-AjNU
008 230605s9999||||xx |||||||||||||| ||und||
040 _aJO-AjNU
_bara
_erda
_cJO-AjNU
041 _aara
050 1 4 _aPN4781 2012
100 3 _aعبيدات، شفيق,
_eauthor
_950295
245 0 0 _aوجهات نظر في فن الكتابة الصحفية البحث والدراسة
264 3 1 _aعمان: المؤلف، 2012
300 _a127ص
336 _atext
_btxt
_2rdacontent
337 _aunmediated
_bn
_2rdamedia
338 _avolume
_bnc
_2rdacarrier
650 4 _aفن الكتابة الصحفية - وجهات نظر
_950296
999 _aA22146
_c25714
_d25714